000 00608nam a2200193 a 4500
001 000045869
005 20240412074305.0
008 091006s1973 dr 000 p spa d
040 _aDO-SdBNP
_bspa
_cBNPHU
082 _aRD861.44
_bE77m
100 1 _aEspaillat, Luis Ariel
_925336
245 1 0 _aMis poemas y tu nombre /
_cLuis Ariel Espaillat.
260 _aSanto Domingo :
_bUASD,
_c1973.
300 _a41 p. ;
_c21 cm.
650 0 _aPoesía dominicana
_966
650 0 _aLiteratura dominicana.
_967
710 1 _aUniversidad Autónoma de Santo Domingo
_972951
910 _aValidado. Control de calidad. MFF
999 _c45358
_d45358